000
00354nam a2200169Ia 4500
100
_a
Walls/Colin
650
_a
Embedded
250
_a
2
942
_c
RB
366
_f
25
654
_a
embedded
245
_a
Embedded software:The works
260
_b
Elsevier/Newnes
_c
2012
082
_a
3.3
_b
WAL
300
_a
395
546
_a
ENGLISH
_c
PAMPHALETS
999
_c
24543
_d
24543